000 00961nam a2200289 i 4500
001 000002956
003 DO-SdBNP
005 20260414105644.0
007 ta
008 090706s2000 dr a 001 0 spa d
040 _aDO-SdBNP
_bspa
_cBNPHU
_erda
041 _aspa
082 4 _axxxx
_bV476p
_222
100 _aVeras Aybar, Ángel R.,
_d1955-
_eautor
_4aut.
_99395
245 1 3 _aEl principio de no intervención y la globalización /
_cÁngel R. Veras Aybar ; prólogo, Manuel Salazar.
264 _aSanto Domingo, República Dominicana :
_bMediabyte, S. A.,
_c2000.
300 _a198 páginas :
_bilustraciones ;
_c21 cm.
336 _atexto
_btxt
_2rdacontent
337 _asin mediación
_bn
_2rdamedia
338 _avolumen
_bnc
_2rdacarrier
500 _aIncluye índice
504 _aBibliografías: páginas 194-198
590 _aInventariado, 2026/DG
700 1 _aSalazar, Manuel,
_eprologuista
_4pr.
_92454
910 _aDG
942 _2ddc
_cLBS1
999 _c2788
_d2788